LEADER 00965nam a2200253 u 4500 001 000000071136 003 CaOOAMICUS 005 20070226122110.0 008 020521s1922 fr u000 u fre u 035 $a10930590 040 $aPUL(R)$bita 245 03$aLe Procès de l'intelligence /$cPaul Archambault ... [et al.]. 260 $aParis :$bLibrairie Bloud et Gay,$c1922. 300 $a306 p. ;$c24 cm 500 $aContiene indice. 504 $aBibliografia in nota. 650 4$aIntelletto.$0(OLS)http://pul/subject/11566 700 1 $aArchambault, Paul.$0(OLS)http://pul/name/43778 850 $aPUL 852 $aPUL$W1$xDP1 Cons. Gen., Altre Classi 1$y22$m921 B 22$j92026$nBK-PRI$b $qStampati$B92026$CPULBib$Z2$F92026 $H $81 941 1 $a8 961 $aINV: 14522 996 $6245$aLe Procès de l'intelligence$9(OLS)http://pul/title/93685 996 $6260$aParis :$bLibrairie Bloud et Gay$9(OLS)http://pul/publisher/56904 LEADER 01532nam a2200349 u 4500 001 000000076202 003 CaOOAMICUS 005 20070226123202.0 008 031112s1997 it u000 u ita u 020 $a8816303190 035 $a10975951 040 $aPUL(R)$bita 041 1 $aita$hger 100 1 $aEsser, Kajetan,$cO.F.M.,$d1913-1978.$0(OLS)http://pul/name/1353 240 10$aAnfänge und ursprüngliche Zielsetzungen des Ordens.$lItaliano.$0(OLS)http://pul/title/16765 245 10$aOrigini e inizi del movimento e dell'ordine francescano /$cKajetan Esser ; nuova introduzione di Lázaro Iriarte. 250 $a2. ed. 260 $aMilano :$bJaca Book,$c1997. 300 $axiv, 263 p. ;$c23 cm 490 1 $aComplementi alla Storia della Chiesa 490 1 $aGià e non ancora ;$v319 500 $aComprende indice. 504 $aBibliografia: p. [257]-260. 650 4$aFrancescanesimo$xStoria$ySec. XIII.$0(OLS)http://pul/subject/7724 830 0$aGià e non ancora ;$v319.$0(OLS)http://pul/title/129 830 0$aComplementi alla Storia della Chiesa.$0(OLS)http://pul/title/23273 850 $aPUL 852 $aPUL$W1$xSL Cons. Gen., Altre Classi 1$y1$m1395.A$j9322$nBK-PRI$b $qStampati$B97927$CPULBib$Z2$F97927 $H76737 $81 941 1 $a8 996 $6020$a8816303190$9(OLS)http://pul/number/99834 996 $6245$aOrigini e inizi del movimento e dell'ordine francescano$9(OLS)http://pul/title/16766 996 $6260$aMilano :$bJaca Book$9(OLS)http://pul/publisher/47900